Blockchain Technology and Verification of Information from Financial Statements

Saved in:
Bibliographic Details
Main Author: Kubaščíková, Zuzana, 1982-
Other Authors: Tumpach, Miloš, 1970-, Juhászová, Zuzana, 1970-
Format: Book Chapter
Language:English
Tags: Add Tag
No Tags, Be the first to tag this record!

MARC

LEADER 00000naa$a2200000$$$4500
001 0243787
005 20240502083652.7
041 0 |a eng 
044 |a LT 
245 1 0 |a Blockchain Technology and Verification of Information from Financial Statements  |c Zuzana Kubaščíková, Miloš Tumpach, Zuzana Juhászová 
500 |a Abstrakt 
100 1 |a Kubaščíková, Zuzana, 1982- 
700 1 |a Tumpach, Miloš, 1970- 
700 1 |a Juhászová, Zuzana, 1970-